Comunicación e integración en América Latina

Wedi'i Gadw mewn:
Manylion Llyfryddiaeth
Prif Awdur: Alvez Catalán, Hernán
Fformat: Texto
Cyhoeddwyd: San José :
Tagiau: Ychwanegu Tag
Dim Tagiau, Byddwch y cyntaf i dagio'r cofnod hwn!

MARC

LEADER 00000 a a2200000 04500
001 16686
003
040
090 |a 011400  
100 |a Alvez Catalán, Hernán  
245 |a Comunicación e integración en América Latina  
260 |a San José :  
300 |a 38 p.  
999 |c 13956  |d 13956